000 00391nam a2200133Ia 4500
008 151001s9999||||xx |||||||||||||| ||und||
100 _aअरुण हरकारे
245 _aकठीण कामगिरी
250 _a1
260 _b"अभिनंदन प्रकाशन, कोल्हापूर "
260 _c२०१३
300 _a228
365 _b18
999 _c1002211
_d1002208